| 000 | 01187nam a2200289Ia 4500 | ||
|---|---|---|---|
| 999 |
_c3836 _d3836 |
||
| 003 | OSt | ||
| 005 | 20200423171744.0 | ||
| 008 | 191128s2016 ck gr 000 0dspa d | ||
| 020 | _a9789585605824 | ||
| 040 |
_aCO-JMCR _cCO-JMCR |
||
| 041 | 0 | _aspa | |
| 082 | 0 | 4 |
_a303.69 / _bR696m |
| 100 | 1 |
_aRodríguez, Nataly, _eautora _93465 |
|
| 245 | 1 | 0 |
_aMemorias, palimpsestos y fórmulas de transición : _b la justicia transicional y la construcción del tejido social en un análisis comparado / _cNataly Rodríguez |
| 260 | _aBogotá | ||
| 260 | _bPlanetas Paz | ||
| 260 | _c2016 | ||
| 300 |
_a76 Páginas _c28 cm. |
||
| 490 | 0 | _aColección estudios técnicos para la construcción de la paz | |
| 504 | _aBibliografía: páginas 72-76 | ||
| 505 | _aLa irrupción de la memoria -- Póliticas para la memoria y para la amnesia: hablando sobre reconsiliación -- Historias de Transición | ||
| 520 | _aProyecto agenda común para construir paz. Mediaciones populares y sociales desde el Observatorio Nacional de Paz" | ||
| 650 | 1 | 4 |
_aJusticia transicional _93466 |
| 650 | 2 | 4 |
_aEstudio de casos Solución de conflictos _93467 |
| 650 | 2 | 4 |
_aEstudio de casos _93350 |
| 942 |
_2ddc _cBK |
||